| 000 | 00622nam a2200217Ia 4500 | ||
|---|---|---|---|
| 008 | 160803s9999 xx 000 0 und d | ||
| 020 | _a0 590449400 | ||
| 100 | _aGibbons, Gail | ||
| 245 | _aHow a house is built / | ||
| 245 | _c[written and illustrated] by Gail Gibbons. | ||
| 260 | _aNew York : | ||
| 260 | _bScholastic Inc. | ||
| 260 | _c1990 | ||
| 300 | _a[30] unnumbered pages : | ||
| 300 | _bcolor illustrations ; | ||
| 300 | _c21 X 25 cm. | ||
| 500 | _aOriginally published: New York : Holiday House, c1990. | ||
| 650 | _aHouse construction -- | ||
| 650 | _xJuvenile literature. | ||
| 700 | _a570 | ||
| 999 |
_c299488 _d299488 |
||